00339nam a2200133Ia 4500008004100000020001500041041001200056082001600068100001900084245005100103260002900154300000800183650001400191221030s9999 xx 000 0 und d a8176563587 aEnglish a105.23bKan aY. P. Kanetkar 0aUnderstanding Pointers in Ccby Y. P. Kanetkar bBPB PubaNew Delhic2002 a501 aComputers